[Event "Plzen op-A 10th"]
[Site "Plzen"]
[Date "2004.??.??"]
[Round "1"]
[White "Folk, Petr"]
[Black "Goldobin, Tomas"]
[Result "1-0"]
[WhiteElo "2245"]
[BlackElo "2025"]
[PlyCount "83"]
[EventDate "2004.08.??"]
[EventType "swiss"]
[EventRounds "9"]
[EventCountry "CZE"]
[SourceTitle "EXT 2007"]
[Source "ChessBase"]
[SourceDate "2006.11.23"]
[SourceVersion "1"]
[SourceVersionDate "2006.11.23"]
[SourceQuality "1"]

1. e4 c6 2. c4 d5 3. exd5 cxd5 4. cxd5 Nf6 5. Nc3 Nxd5 6. Nf3 Nc6 7. d4 e6 8. Bd3 Be7 9. 0-0 0-0 10. Re1 Nxc3 11. bxc3 Qa5 12. Bd2 Qh5 13. Bf4 Rd8 14. Be4 Bd6 15. Qd2 Qg4 16. Bxd6 Rxd6 17. h3 Qh5 18. Qf4 Rd8 19. g4 Qh6 20. Ng5 f5 21. Bc2 Ne7 22. Nxe6 Qxf4 23. Nxf4 Kf8 24. g5 Nd5 25. Nxd5 Rxd5 26. f4 g6 27. Kf2 Bd7 28. Bb3 Rd6 29. Re3 Re8 30. Rxe8+ Bxe8 31. Ke3 b6 32. d5 Bf7 33. Kd4 Ke7 34. Re1+ Kd8 35. c4 Rd7 36. Ba4 Rc7 37. Bc6 Re7 38. Re5 Rc7 39. Re1 Re7 40. Rxe7 Kxe7 41. Ke5 Bg8 42. Bb5 1-0

[Event "Schneider Bohemia op-C"]
[Site "Plzen"]
[Date "2001.??.??"]
[Round "4.5"]
[White "Goldobin, Tomas"]
[Black "Dolezal, Radoslav1111"]
[Result "1-0"]
[WhiteElo "1788"]
[BlackElo "1634"]
[PlyCount "39"]
[EventDate "2001.08.??"]
[EventType "swiss"]
[EventRounds "9"]
[EventCountry "CZE"]
[SourceTitle "EXT 2002"]
[Source "ChessBase"]
[SourceDate "2001.11.25"]
[SourceVersion "1"]
[SourceVersionDate "2001.11.25"]
[SourceQuality "1"]

1. e4 e5 2. Nf3 Nc6 3. d4 exd4 4. Nxd4 Nge7 5. Bc4 d5 6. exd5 Nxd5 7. 0-0 Bc5 8. Re1+ Nce7 9. Nb3 Nb6 10. Bxf7+ Kxf7 11. Qh5+ Ng6 12. Qxc5 Re8 13. Bd2 Rxe1+ 14. Bxe1 Be6 15. Nc3 Nc4 16. Nd4 Qe7 17. Nxe6 Qxe6 18. Qxc7+ Kg8 19. b3 Re8 20. Qxc4 1-0

[Event "Schneider Bohemia op-C"]
[Site "Plzen"]
[Date "2001.??.??"]
[Round "2.7"]
[White "Goldobin, Tomas"]
[Black "Rerabek, Jaroslav"]
[Result "1-0"]
[WhiteElo "1788"]
[BlackElo "1698"]
[PlyCount "83"]
[EventDate "2001.08.??"]
[EventType "swiss"]
[EventRounds "9"]
[EventCountry "CZE"]
[SourceTitle "EXT 2002"]
[Source "ChessBase"]
[SourceDate "2001.11.25"]
[SourceVersion "1"]
[SourceVersionDate "2001.11.25"]
[SourceQuality "1"]

1. e4 c5 2. Nf3 Nc6 3. c3 Nf6 4. e5 Nd5 5. d4 cxd4 6. cxd4 d6 7. Bc4 Nb6 8. Bb5 a6 9. Bxc6+ bxc6 10. 0-0 e6 11. Bf4 Nd5 12. Bg3 Be7 13. exd6 Bxd6 14. Ne5 Bxe5 15. Bxe5 0-0 16. Nd2 f6 17. Bg3 f5 18. Be5 Qg5 19. f4 Qe7 20. Rf3 c5 21. Nc4 Rd8 22. Na5 Bb7 23. Rb3 Rd7 24. Nxb7 Rxb7 25. Bd6 Qd7 26. dxc5 Rxb3 27. Qxb3 Qc6 28. Re1 Kf7 29. a4 Ra7 30. Qc4 Rb7 31. Qe2 Qd7 32. c6 Qxd6 33. cxb7 Nxf4 34. Qe5 Qb6+ 35. Qe3 Qxb7 36. Qxf4 Qxb2 37. Qd6 Qb3 38. Qxa6 h5 39. Qb5 Qc3 40. Qd7+ Kf8 41. Qd6+ Kg8 42. Qxe6+ 1-0

[Event "Schneider Bohemia op-C"]
[Site "Plzen"]
[Date "2001.??.??"]
[Round "3.4"]
[White "Hruska, Vladislav"]
[Black "Goldobin, Tomas"]
[Result "1/2-1/2"]
[WhiteElo "1480"]
[BlackElo "1788"]
[PlyCount "120"]
[EventDate "2001.08.??"]
[EventType "swiss"]
[EventRounds "9"]
[EventCountry "CZE"]
[SourceTitle "EXT 2002"]
[Source "ChessBase"]
[SourceDate "2001.11.25"]
[SourceVersion "1"]
[SourceVersionDate "2001.11.25"]
[SourceQuality "1"]

1. d4 d5 2. c4 c6 3. Nc3 Nf6 4. Bf4 e6 5. e3 Bd6 6. Bxd6 Qxd6 7. c5 Qc7 8. Nf3 Nbd7 9. Be2 0-0 10. 0-0 e5 11. dxe5 Nxe5 12. Nxe5 Qxe5 13. Qd4 Qg5 14. e4 Bh3 15. Bf3 Bg4 16. Bxg4 Qxg4 17. f3 Qh4 18. Rad1 dxe4 19. Nxe4 Nxe4 20. Qxe4 Qg5 21. Qb4 Qe3+ 22. Kh1 b6 23. cxb6 Qxb6 24. Qxb6 axb6 25. a3 Rfd8 26. Kg1 Kf8 27. Kf2 Rxd1 28. Rxd1 Ke7 29. Ke3 Ra5 30. g4 Rb5 31. Rd2 Ke6 32. f4 Rb3+ 33. Ke4 g6 34. f5+ gxf5+ 35. gxf5+ Kf6 36. Rd6+ Kg5 37. Rxc6 Rxb2 38. h4+ Kg4 39. Rf6 h5 40. Rxf7 Re2+ 41. Kd5 Ra2 42. Kc6 Rxa3 43. Kxb6 Rf3 44. f6 Kxh4 45. Rf8 Kg5 46. f7 Kg6 47. Kc5 Kg7 48. Rg8+ Kxf7 49. Rg5 h4 50. Kd4 Kf6 51. Ke4 Ra3 52. Rg1 Ra4+ 53. Kf3 Kf5 54. Kg2 Ra3 55. Kh2 Rf3 56. Rg8 Re3 57. Rg7 Re6 58. Kh3 Re4 59. Rg8 Re1 60. Rg2 Rf1 1/2-1/2

[Event "Schneider Bohemia op-C"]
[Site "Plzen"]
[Date "2001.??.??"]
[Round "8.3"]
[White "Jana, Michal"]
[Black "Goldobin, Tomas"]
[Result "0-1"]
[WhiteElo "1665"]
[BlackElo "1788"]
[PlyCount "72"]
[EventDate "2001.08.??"]
[EventType "swiss"]
[EventRounds "9"]
[EventCountry "CZE"]
[SourceTitle "EXT 2002"]
[Source "ChessBase"]
[SourceDate "2001.11.25"]
[SourceVersion "1"]
[SourceVersionDate "2001.11.25"]
[SourceQuality "1"]

1. e4 e5 2. Nf3 Nf6 3. d4 Nxe4 4. Nxe5 d5 5. Be2 Bd6 6. Nd3 0-0 7. 0-0 Qh4 8. g3 Qh3 9. Nf4 Qf5 10. Be3 c6 11. Nd2 Re8 12. Bd3 Qf6 13. Nxe4 dxe4 14. Be2 Bf5 15. c4 Nd7 16. Qd2 Nf8 17. b4 Rad8 18. Ng2 h6 19. Rfd1 Ne6 20. Qb2 Ng5 21. Nh4 Bh3 22. Rd2 Nf3+ 23. Nxf3 exf3 24. Bd3 g5 25. d5 Qxb2 26. Rxb2 Be5 27. Rbb1 Bxa1 28. Rxa1 cxd5 29. cxd5 Rxd5 30. Bc4 Rde5 31. a3 b6 32. Rd1 Kf8 33. Bb3 Rxe3 34. fxe3 Rxe3 35. Rb1 Re2 36. Bc4 f2+ 0-1

[Event "Plzen op-D U18"]
[Site "Plzen"]
[Date "1998.??.??"]
[Round "9"]
[White "Endler, Boris"]
[Black "Goldobin, Tomas"]
[Result "1/2-1/2"]
[WhiteElo "1765"]
[BlackElo "1815"]
[PlyCount "82"]
[EventDate "1998.08.??"]
[EventType "swiss"]
[EventRounds "9"]
[EventCountry "CZE"]
[SourceTitle "EXT 2000"]
[Source "ChessBase"]
[SourceDate "1999.11.16"]
[SourceVersion "1"]
[SourceVersionDate "1999.11.16"]
[SourceQuality "1"]

1. e4 g6 2. d4 Bg7 3. Nc3 d6 4. f4 Nf6 5. Nf3 0-0 6. Be2 c5 7. 0-0 cxd4 8. Nxd4 Nc6 9. Be3 Nd7 10. Qd2 Nxd4 11. Bxd4 Bxd4+ 12. Qxd4 Qb6 13. Qxb6 Nxb6 14. Rad1 f5 15. Bf3 Rb8 16. g3 Bd7 17. Rfe1 Kg7 18. e5 dxe5 19. Rxe5 Bc6 20. Bxc6 bxc6 21. Rc5 Nd5 22. Nxd5 cxd5 23. b3 Rb7 24. Rdxd5 e6 25. Rd6 Re8 26. Kf2 Kf6 27. Rcc6 Ree7 28. Ke3 Rb4 29. c4 Rbb7 30. h4 h5 31. Kd4 Rb8 32. Kc5 Kf7 33. b4 e5 34. Rf6+ Ke8 35. Rfe6 e4 36. Kd4 Rd8+ 37. Ke3 Rd3+ 38. Kf2 Rd2+ 39. Ke3 Rd3+ 40. Kf2 Rd2+ 41. Ke3 Rd3+ 1/2-1/2

[Event "Plzen op-D U18"]
[Site "Plzen"]
[Date "1998.??.??"]
[Round "2"]
[White "Goldobin, Tomas"]
[Black "Sollradl, F."]
[Result "1-0"]
[WhiteElo "1815"]
[BlackElo "1640"]
[PlyCount "41"]
[EventDate "1998.08.??"]
[EventType "swiss"]
[EventRounds "9"]
[EventCountry "CZE"]
[SourceTitle "EXT 2000"]
[Source "ChessBase"]
[SourceDate "1999.11.16"]
[SourceVersion "1"]
[SourceVersionDate "1999.11.16"]
[SourceQuality "1"]

1. e4 e5 2. Nf3 Nc6 3. d4 exd4 4. Nxd4 Nge7 5. Nc3 d6 6. Be3 Bd7 7. Bc4 Ne5 8. Be2 a6 9. f4 N5g6 10. h4 c5 11. Nf3 Nc6 12. h5 Nge7 13. Qxd6 Nf5 14. Qd2 Nxe3 15. Qxe3 Qb6 16. Nd5 Qa5+ 17. c3 0-0-0 18. Nd2 Re8 19. Nc4 Qd8 20. Rd1 Nb8 21. Ncb6+ 1-0